000 00304nam a22001337a 4500
008 170213b xxu||||| |||| 00| 0 eng d
020 _a0534012692
041 _aeng
080 _22ED
_a61
100 _a4
101 _aSHM
245 _aINTERVENTION REFLECTION MEDICAL ETHICS
_cMUNSON
942 _2udc
_cBK
999 _c5309
_d5309